International Council of Scientific Unions (Record no. 2148)
[ view plain ]
| 000 -LEADER | |
|---|---|
| fixed length control field | 00517nam a2200145Ia 4500 |
| 003 - CONTROL NUMBER IDENTIFIER | |
| control field | IN-BaIIA |
| 005 - DATE AND TIME OF LATEST TRANSACTION | |
| control field | 20250729152623.0 |
| 008 - FIXED-LENGTH DATA ELEMENTS--GENERAL INFORMATION | |
| fixed length control field | 211028s9999 xx 000 0 eng d |
| 040 ## - CATALOGING SOURCE | |
| Transcribing agency | IIA Library |
| 080 ## - UNIVERSAL DECIMAL CLASSIFICATION NUMBER | |
| Universal Decimal Classification number | 551.510.5 |
| Item number | MIX |
| 100 ## - MAIN ENTRY--PERSONAL NAME | |
| Personal name | International Council of Scientific Unions |
| 9 (RLIN) | 3929 |
| 245 #0 - TITLE STATEMENT | |
| Title | International Council of Scientific Unions |
| Statement of responsibility, etc. | International Council of Scientific Unions |
| 260 ## - PUBLICATION, DISTRIBUTION, ETC. | |
| Place of publication, distribution, etc. | Bruselles |
| Date of publication, distribution, etc. | 1955 |
| 942 ## - ADDED ENTRY ELEMENTS (KOHA) | |
| Koha item type | Books |
| Source of classification or shelving scheme | Dewey Decimal Classification |
| Withdrawn status | Lost status | Source of classification or shelving scheme | Damaged status | Not for loan | Home library | Current library | Shelving location | Date acquired | Total Checkouts | Full call number | Barcode | Date last seen | Price effective from | Koha item type | Purchase Price |
|---|---|---|---|---|---|---|---|---|---|---|---|---|---|---|---|
| Universal Decimal Classification | IIA Library-Bangalore | IIA Library-Kodaikanal | General Stacks | 551.510.5/ MIX | 2408 | 05/11/2021 | Books |